Statistiques concernant Prénoms les plus donnés dans les pays francophones

Cliquez ici pour prendre le quiz!

Statistiques générales

  • Ce quiz a été pris 484 fois
  • Le résultat moyen est 12 sur 45

Statistiques - réponses

Prénoms% Correct
Léa
69%
Louis
69%
Léo
64%
Emma
63%
Louise
53%
Gabriel
48%
Lucas
46%
Thomas
43%
Chloé
41%
Anna
40%
Jules
40%
Jade
38%
Adam/Léon/Samuel
37%
Juliette
33%
Raphaël
33%
Noah
31%
Arthur
30%
Zoé
29%
Nathan
28%
Alice
27%
Eva
26%
Maël
26%
Charlotte
25%
Lina
23%
Victor
22%
Ethan
21%
Adam
20%
Rose
20%
Liam
19%
Ambre
18%
Mohamed
16%
Mia
15%
Mila
14%
Olivia
14%
Charlie
13%
Romy
11%
William
10%
Alba
9%
Victoria
9%
Sofia
8%
Félix
6%
Florence
6%
Edouard
5%
Jacob
4%
Livia
4%

Distribution des résultats

Percentile par nombre de réponses

% des personnes avec chaque résultat

Votre développement - résultats

Vous n’avez pas pris ce quiz